Schaum's outline of theory and problems of electric circuits (Record no. 15876)

000 -LEADER
fixed length control field 00535nam a22001937a 4500
001 - CONTROL NUMBER
control field 15876
003 - CONTROL NUMBER IDENTIFIER
control field BD-DhUET
008 - FIXED-LENGTH DATA ELEMENTS--GENERAL INFORMATION
fixed length control field 150316b xxu||||| |||| 00| 0 eng d
040 ## - CATALOGING SOURCE
Original cataloging agency DLC
Transcribing agency DLC
Modifying agency BD-DhUET
082 ## - DEWEY DECIMAL CLASSIFICATION NUMBER
Classification number 623.01
Item number EDM/1965
100 ## - MAIN ENTRY--PERSONAL NAME
Personal name Edminister, Joseph A.
245 ## - TITLE STATEMENT
Title Schaum's outline of theory and problems of electric circuits
250 ## - EDITION STATEMENT
Edition statement 1st ed.
260 ## - PUBLICATION, DISTRIBUTION, ETC. (IMPRINT)
Place of publication, distribution, etc. New York
Name of publisher, distributor, etc. McGraw-Hill Book
Date of publication, distribution, etc. 1965
300 ## - PHYSICAL DESCRIPTION
Extent 289p.
490 ## - SERIES STATEMENT
Series statement Schaum's outline series
650 #0 - SUBJECT ADDED ENTRY--TOPICAL TERM
Topical term or geographic name as entry element Circuits : Electric : Engineering
942 ## - ADDED ENTRY ELEMENTS (KOHA)
Koha item type General Book
Holdings
Damaged status Shelving location Koha date last seen Location (home branch) Price effective from Piece designation (barcode) Koha item type Date acquired Not for loan Withdrawn status Copy number Source of classification or shelving scheme Koha full call number Sublocation or collection (holding branch) Koha normalized classification for sorting Lost status
 Circulation section2015-03-16Central Library, BUET2015-03-1614804General Book2015-03-16  1 623.01/EDM/1965Central Library, BUET623_010000000000000_EDM_1965 
 Circulation section2015-03-16Central Library, BUET2015-03-1636080General Book2015-03-16  2 623.01/EDM/1965Central Library, BUET623_010000000000000_EDM_1965 
 Circulation section2015-04-25Central Library, BUET2015-04-259603General Book2015-04-25  3 623.01/EDM/1965Central Library, BUET623_010000000000000_EDM_1965 
 Circulation section2015-04-25Central Library, BUET2015-04-259604General Book2015-04-25  4 623.01/EDM/1965Central Library, BUET623_010000000000000_EDM_1965 
 Circulation section2015-04-25Central Library, BUET2015-04-2514806General Book2015-04-25  5 623.01/EDM/1965Central Library, BUET623_010000000000000_EDM_1965 
 Reading section2015-06-29Central Library, BUET2015-06-2914808Reading Item2015-06-29  6 623.01/EDM/1965Central Library, BUET623_010000000000000_EDM_1965 
 Reading section2015-07-02Central Library, BUET2015-07-029606Reading Item2015-07-02  7 623.01/EDM/1965Central Library, BUET623_010000000000000_EDM_1965